000 00806nam a2200241 a 4500
001 000012290
005 20200929162800.0
008 091110s1981 sp 001 j spa d
020 _a8420618322 (t.1)
020 _a8420619582 (obra completa)
040 _aDO-SdBNP
_bspa
_cBNPHU
082 _a863.64
_bA634c
245 0 0 _aAntología de cuentos de terror : /
_cSelección y traducción, Rafael Llopis.
260 _aMadrid :
_bTaurus :
_bAlianza,
_c1981.
300 _a252 p. ;
_c18 cm.
490 1 _aEl libro de bolsillo
_v832
_aLiteratura
500 _aQuinta reimpresión del año, 1994.
650 4 _aCuentos
_vCOLECCIONES
_928944
650 4 _aLiteratura
_vCOLECCIONES
_928945
700 1 _aLlopis, Rafael,
_etr.
_928946
830 0 _aEl libro de bolsillo ;
_v832
_pLiteatura.
_928947
049 _aBNGR
999 _c11947
_d11947